|
|
|
|
| LEADER |
00000nam0a2200000 4500 |
| 001 |
362825 |
| 005 |
20231102011528.0 |
| 035 |
|
|
|a (RuTPU)RU\TPU\retro\20171
|
| 090 |
|
|
|a 362825
|
| 100 |
|
|
|a 20210826d1970 k y0rusy50 ca
|
| 101 |
0 |
|
|a rus
|
| 102 |
|
|
|a RU
|
| 105 |
|
|
|a y dm 001zy
|
| 200 |
1 |
|
|a Расчленение интрузивных траппов Норильского района по комплексу магнитных характеристик
|e автореферат диссертации на соискание ученой степени кандидата геолого-минералогических наук
|e спец. 04.131
|f Э. Н. Линд
|g Томский политехнический институт ; Сибирский научно-исследовательский институт геологии, геофизики и минерального сырья, Красноярское отделение ; науч. рук. Д. С. Миков
|
| 210 |
|
|
|a Томск
|c [Б. и.]
|d 1970
|
| 215 |
|
|
|a 23 с.
|
| 300 |
|
|
|a Защита сост. 20.01.1971 г.
|
| 317 |
|
|
|5 63413507: КР-7022
|a Поступил в НТБ в 2004 г. в составе книжного собрания кафедры общей геологии
|
| 320 |
|
|
|a Библиогр.: с. 22-23 (13 назв.)
|
| 606 |
1 |
|
|a Трапповые формации
|2 stltpush
|3 (RuTPU)RU\TPU\subj\61550
|9 78738
|
| 610 |
1 |
|
|a авторефераты диссертаций
|
| 610 |
1 |
|
|a интрузивные комплексы
|
| 610 |
1 |
|
|a траппы
|
| 610 |
1 |
|
|a магнитные свойства
|
| 610 |
1 |
|
|a тектоника
|
| 610 |
1 |
|
|a магматизм
|
| 610 |
1 |
|
|a долериты
|
| 610 |
1 |
|
|a сульфидные руды
|
| 610 |
1 |
|
|a полярность
|
| 610 |
1 |
|
|a ферромагнетики
|
| 610 |
1 |
|
|a труды учёных ТПУ
|
| 610 |
1 |
|
|a Коллекция кафедры общей геологии
|
| 610 |
1 |
|
|a дары библиотеке
|
| 675 |
|
|
|a 551.263.1(04)
|v 4
|
| 686 |
|
|
|a 04.131
|2 oksvnk
|
| 700 |
|
1 |
|a Линд
|b Э. Н.
|
| 702 |
|
1 |
|a Миков
|b Д. С.
|c геолог, геофизик
|c профессор Томского политехнического института
|f 1903-1985
|g Дмитрий Степанович
|2 stltpush
|3 (RuTPU)RU\TPU\pers\9657
|4 727
|
| 712 |
0 |
2 |
|a Томский политехнический институт
|c (1944-1991)
|2 stltpush
|3 (RuTPU)RU\TPU\col\1123
|9 23521
|
| 712 |
0 |
2 |
|a Сибирский научно-исследовательский институт геологии, геофизики и минерального сырья
|b Красноярское отделение
|c (Новосибирск)
|2 stltpush
|3 (RuTPU)RU\TPU\col\322
|
| 801 |
|
1 |
|a RU
|b 63413507
|c 20210826
|
| 801 |
|
2 |
|a RU
|b 63413507
|c 20211115
|g RCR
|
| 942 |
|
|
|c BK
|